Высокогорные перевалы: Перечень классифицированных перевалов высокогорных районов СССР

Bibliografiske detaljer
Andre forfattere: Директор Л. Б. (составитель)
Sprog:russisk
Udgivet: Москва, Профиздат, 1990
Serier:Библиотечка самодеятельного туриста
Fag:
Format: MixedMaterials Bog
KOHA link:https://koha.lib.tpu.ru/cgi-bin/koha/opac-detail.pl?biblionumber=118465

MARC

LEADER 00000nam0a2200000 4500
001 118465
005 20231031124139.0
010 |a 5255003107 
020 |a RU  |b 90-61746 
035 |a (RuTPU)RU\TPU\book\128188 
090 |a 118465 
100 |a 20070613d1990 m y0rusy5003 ca 
101 0 |a rus 
102 |a RU 
105 |a y z 000zy 
200 1 |a Высокогорные перевалы  |e Перечень классифицированных перевалов высокогорных районов СССР  |f сост. Л. Б. Директор 
210 |a Москва  |c Профиздат  |d 1990 
215 |a 574,[2] с.  |d 17 см 
225 1 |a Библиотечка самодеятельного туриста 
610 1 |a СССР 
610 1 |a туризм 
610 1 |a справочники 
610 1 |a альпинисты 
610 1 |a альпинистские маршруты 
675 |a 796.52  |z rus  |v 3 
702 1 |a Директор  |b Л. Б.  |4 220 
801 0 |a RU  |b RuMRKP  |c 19950417  |g psbo 
801 1 |a RU  |b 63413507  |c 20070613  |g PSBO 
801 2 |a RU  |b 63413507  |c 20070903  |g PSBO 
942 |c BK